Diccionari avançat català - castellà, castellano - catalán. (Record no. 168701)
[ view plain ]
| 000 -LEADER | |
|---|---|
| campo de control de longitud fija | 00628nam a22001935i 4500 |
| 001 - NÚMERO DE CONTROL | |
| campo de control | 168701 |
| 003 - IDENTIFICADOR DE NÚMERO DE CONTROL | |
| campo de control | ES-MaACL |
| 005 - FECHA Y HORA DE LA ÚLTIMA TRANSACCIÓN | |
| campo de control | 20230906213849.0 |
| 008 - DATOS DE LONGITUD FIJA--INFORMACIÓN GENERAL | |
| campo de control de longitud fija | 080516s2006 sp |||| | spa d |
| 020 ## - NÚMERO INTERNACIONAL ESTÁNDAR DEL LIBRO | |
| Número Internacional Estándar del Libro | 84-8332-058-4 |
| 080 ## - NÚMERO DE LA CLASIFICACIÓN DECIMAL UNIVERSAL | |
| Número de la Clasificación Decimal Universal | (038)=134.1=134.2 |
| 245 00 - MENCIÓN DEL TÍTULO | |
| Título | Diccionari avançat català - castellà, castellano - catalán. |
| 250 ## - MENCION DE EDICION | |
| Mención de edición | 1ª ed., reimp. |
| 260 ## - PUBLICACIÓN, DISTRIBUCIÓN, ETC. | |
| Lugar de publicación, distribución, etc. | Barcelona : |
| Nombre del editor, distribuidor, etc. | Vox, |
| Fecha de publicación, distribución, etc. | 2006. |
| 300 ## - DESCRIPCIÓN FÍSICA | |
| Extensión | XLIV, 631, XXXIV, 647 p. ; |
| Dimensiones | 22 cm. |
| 650 #4 - PUNTO DE ACCESO ADICIONAL DE MATERIA--TÉRMINO DE MATERIA | |
| Término de materia o nombre geográfico como elemento de entrada | Lengua catalana- |
| Subdivisión de forma | Diccionarios- |
| Subdivisión general | Español. |
| 9 (RLIN) | 14103 |
| 650 04 - PUNTO DE ACCESO ADICIONAL DE MATERIA--TÉRMINO DE MATERIA | |
| Término de materia o nombre geográfico como elemento de entrada | Lengua española- |
| Subdivisión de forma | Diccionarios- |
| Subdivisión general | Catalán. |
| 9 (RLIN) | 14140 |
| 852 4# - LOCALIZACIÓN | |
| Ubicación | ES-MaACL |
| Número de control de estantería | L-29516 |
| itemnumber | R.143146 |
| Estatus retirado | Estado de pérdida | Estado de daño | No para préstamo | Biblioteca de origen | Biblioteca actual | Ubicación en estantería | Fecha de adquisición | Fuente de adquisición | Total de préstamos | Signatura topográfica completa | Código de barras | Visto por última vez | Precio de reemplazo | Tipo de ítem Koha |
|---|---|---|---|---|---|---|---|---|---|---|---|---|---|---|
| Biblioteca del Ateneo de Madrid | Biblioteca del Ateneo de Madrid | Depósito 2 | 16/05/2008 | L-29516 | 1177039 | 23/02/2023 | 23/02/2023 | Libro impreso |
